000 00500nam a22001697a 4500
003 MACL
005 20160716135549.0
008 160716b xxu||||| |||| 00| 0 eng d
040 _cMACL
041 _aHindi
082 _a800 BAN
100 _aवंशी, बलदेव
_950994
245 _aसंत कवि सहजोबाई
_cबलदेव वंशी
260 _aनई दिल्‍ली
_c2015
650 _aकाव्‍यलोचना
_954350
942 _2ddc
_cHIN
999 _c54296
_d54296